书目信息 |
| 题名: |
分子生物技术
|
|
| 作者: | 帕斯捷尔纳克, , 格利克, 编 ;陈丽珊 , 任大明珠 译 | |
| 分册: | ||
| 出版信息: | 北京 化学工业出版社 2005.01 |
|
| 页数: | 583页 | |
| 开本: | 26cm | |
| 丛书名: | ||
| 单 册: | ||
| 中图分类: | Q7 , Q819 | |
| 科图分类: | ||
| 主题词: | 生物技术--sheng wu ji shu--应用 , 分子生物学--fen zi sheng wu xue--应用 | |
| 电子资源: | ||
| ISBN: | 7-5025-6171-4 | |
| 000 | 01592nam0 2200337 450 | |
| 001 | 012006854141 | |
| 005 | 20060313130226.51 | |
| 010 | @a7-5025-6171-4@dCNY80.00 | |
| 100 | @a20060313d2005 km y0chiy0120 ea | |
| 101 | 1 | @achi@ceng |
| 102 | @aCN@b110000 | |
| 105 | @aa a 000yy | |
| 200 | 1 | @a分子生物技术@Afen zi sheng wu ji shu@e重组DNA的原理与应用@f(美) B. R. 格利克, J. J. 帕斯捷尔纳克编@F(mei)B.R.ge li ke,J.J.pa si jie er na ke bian@d= Molecular biotechnology@eprinciples and applications of recombinant DNA@g陈丽珊, 任大明珠译@Gchen li shan,ren da ming zhu yi@zeng |
| 210 | @a北京@c化学工业出版社@d2005.01 | |
| 215 | @a583页@c图@d26cm | |
| 305 | @a据原书第3版译出 | |
| 306 | @a本书中文简体字版有American society for microbiology (ASM) press 授权化学工业出版社独家出版发行 | |
| 320 | @a有书目。 | |
| 330 | @a本书详细讲述了分子生物技术在医药、农业和工业方面的理论知识和实际应用以及应用过程中面临的问题和解决方法。全书具有纲要式的开头与结尾,并附有复习题和许多插图。 | |
| 510 | 1 | @aMolecular biotechnology@eprinciples and applications of recombinant DNA@zeng |
| 517 | 1 | @a重组DNA的原理与应用@Azhong zu DNA de yuan li yu ying yong |
| 606 | 0 | @a生物技术@Asheng wu ji shu@x应用 |
| 606 | 0 | @a分子生物学@Afen zi sheng wu xue@x应用 |
| 690 | @aQ7@v4 | |
| 690 | @aQ819@v4 | |
| 701 | 1 | @a帕斯捷尔纳克,@Apa si jie er na ke,@bJ. J.@g(Pasternak, Jack J.)@4编 |
| 701 | 1 | @a格利克,@Age li ke,@bB. R.@g(Glick, Bernard R.)@4编 |
| 702 | 0 | @a陈丽珊@Achen li shan@4译 |
| 702 | 0 | @a任大明珠@Aren da ming zhu@4译 |
| 801 | 0 | @aCN@bQSSK@c20060313 |
| 905 | @a10447@dQ7@eP032 | |
| 分子生物技术:重组DNA的原理与应用/(美) B. R. 格利克, J. J. 帕斯捷尔纳克编= Molecular biotechnology:principles and applications of recombinant DNA/陈丽珊, 任大明珠译.-北京:化学工业出版社,2005.01 |
| 583页:图;26cm |
| ISBN 7-5025-6171-4:CNY80.00 |
| 本书详细讲述了分子生物技术在医药、农业和工业方面的理论知识和实际应用以及应用过程中面临的问题和解决方法。全书具有纲要式的开头与结尾,并附有复习题和许多插图。 |
| ● |
| 相关链接 |
|
|
|
正题名:分子生物技术
索取号:Q7/P032
 
预约/预借
| 序号 | 登录号 | 条形码 | 馆藏地/架位号 | 状态 | 备注 |
| 1 | 555889 | 205558895 | 自科库401/401自科库 30排3列5层/ [索取号:Q7/P032] | 在馆 | |
| 2 | 555890 | 205558902 | 自科库401/401自科库 30排3列5层/ [索取号:Q7/P032] | 在馆 | |
| 3 | 555891 | 205558911 | 自科库401/401自科库 30排3列5层/ [索取号:Q7/P032] | 在馆 |